000 00681nam a2200229 i 4500
001 bgj
100 1 _aBYRNE, Donn
245 1 0 _aFive one-act plays :
_blevel 3 /
_cDonn Byrne ; series editors: Andy Hopkins and Jocelyn Potter.
260 _aEssex :
_bPearson Education Limited,
_c2000=
_bPenguin Books.
300 _a41, [2] pp :
_bill. (coloured) ;
_c20 cm.
490 1 _aPenguin Readers
650 9 _aPlays in English
700 1 _aHOPKINS, Andy
700 1 _aPOTTER, Jocelyn
830 _aPenguin Readers
020 _a0582427347 (pbk)
040 _cBPK
041 0 _aeng
920 _a0-582-42734-7 (pbk)
942 _cKS
008 s uk f |000 0 eng
999 _c48290
_d48290
856 _uhttp://koha.tu.koszalin.pl/cgi-bin/koha/opac-detail.pl?biblionumber=48290
_yKatalog online BPK